| 000 | 00539cam a2200193ua 4500 | ||
|---|---|---|---|
| 020 | _a0 8039 0651 x | ||
| 041 |
_aeng _h |
||
| 082 |
_a300.1 _bNAG/OP |
||
| 100 | _aNagel, Stuart S . | ||
| 245 |
_aOperations research methods: as applied to political science and the legal process / _cStuart S Nagel. _hTextual Documents |
||
| 250 |
_a1 / _b. |
||
| 260 |
_aNew Delhi : _bSage Publications , _c1976. |
||
| 300 | _a76 ; . | ||
| 500 | _a**Reference | ||
| 504 | _a | ||
| 700 | 1 | _aNeef, Marian . | |
| 942 | _cBK | ||
| 999 |
_c8149 _d8149 |
||